| 000 | 00443 a2200157 4500 | ||
|---|---|---|---|
| 020 | _a0070010978 | ||
| 040 |
_aLibrary of Congress _bEnglish |
||
| 082 | 0 | 0 | _a004.6 |
| 100 | 1 | _aSchweber, William L. | |
| 245 | 1 | 0 |
_aData communications _cWilliam L. Schweber. |
| 260 |
_aNew York : _bMcGraw-Hill, _cc1988. |
||
| 300 |
_axi, 564 p. : _bill. ; _c25 cm. |
||
| 500 | _aIncludes index. | ||
| 650 | 0 | _aData transmission systems. | |
| 942 |
_cBK _k004.6 SCH _2ddc |
||
| 999 |
_c4188 _d4188 |
||